Statistiques concernant Animes les plus populaires

Cliquez ici pour prendre le quiz!

Statistiques générales

  • Ce quiz a été pris 209 fois
  • Le résultat moyen est 16 sur 46

Statistiques - réponses

Réponse% Correct
1one piece
98%
3naruto
97%
14bleach
82%
7dragon ball z
82%
6demon slayer
71%
8death note
69%
2hunter x hunter
65%
9my hero academia
65%
37fairy tail
57%
40jujutsu kaisen
57%
4l'attaque des titans
54%
11tokyo ghoul
54%
5assassination classroom
47%
10one punch man
47%
22pokemon
41%
12black clover
38%
19dragon ball super
38%
15haikyuu
38%
18sword art online
38%
21fullmetal alchemist
37%
36seven deadly sins
33%
23jojo's bizarre Adventure
31%
41fire force
30%
13dr stone
26%
47blue exorcist
25%
39food wars
25%
38détective Conan
23%
42the promised neverland
23%
24your lie in April
23%
27code geass
21%
45erased
18%
26black Butler
16%
44gto
16%
43no game no life
16%
16parasite
13%
32psycho pass
11%
20mob psycho 100
9%
25cowboy bebop
7%
33angel beats
6%
28neon genesis évangélion
6%
30yuri on ice
6%
35free
5%
31black lagoon
4%
29samurai champloo
3%
17fullmetal:brotherhood
2%
34city hunter
1%

Distribution des résultats

Percentile par nombre de réponses

% des personnes avec chaque résultat

Votre développement - résultats

Vous n’avez pas pris ce quiz